| 000 | 00430cam a2200169ua 4500 | ||
|---|---|---|---|
| 041 |
_aeng _h |
||
| 082 |
_a610.28 _bGED/PR |
||
| 100 | _aGeddes, L.A . | ||
| 245 |
_aPrinciples of biomedical instrumentation / _cL.A.Geddes. _hTextual Documents |
||
| 250 |
_a3 / _b. |
||
| 260 |
_aNew Delhi : _bWiley India Pvt. Ltd , _c2008. |
||
| 300 | _a ; . | ||
| 504 | _a | ||
| 700 | 1 | _aBaker, L.E . | |
| 942 | _cBK | ||
| 999 |
_c13519 _d13519 |
||